La raíz poseída / (Record no. 8108)
[ view plain ]
| 000 -LEADER | |
|---|---|
| campo de control de longitud fija | 01318nam a2200337 i 4500 |
| 001 - NÚMERO DE CONTROL | |
| campo de control | 8108 |
| 003 - IDENTIFICADOR DE NÚMERO DE CONTROL | |
| campo de control | ES-MaACL |
| 005 - FECHA Y HORA DE LA ÚLTIMA TRANSACCIÓN | |
| campo de control | 20250906063032.0 |
| 007 - CAMPO FIJO DE DESCRIPCIÓN FÍSICA--INFORMACIÓN GENERAL | |
| campo de control de longitud fija | t| |
| 008 - DATOS DE LONGITUD FIJA--INFORMACIÓN GENERAL | |
| campo de control de longitud fija | 920218e1989 sp a||||r 0011pdspa |
| 017 ## - NÚMERO DE COPYRIGHT O DE DEPÓSITO LEGAL | |
| Número de copyright o de depósito legal | Z 2381-1989 |
| Agencia que asigna | Oficina Depósito Legal Zaragoza |
| 020 ## - NÚMERO INTERNACIONAL ESTÁNDAR DEL LIBRO | |
| Número Internacional Estándar del Libro | 84-85815-20-3 |
| 040 ## - FUENTE DE CATALOGACIÓN | |
| Centro catalogador/agencia de origen | SpMaBN |
| Lengua de catalogación | spa |
| Centro/agencia transcriptor | ES-MaACL |
| 080 ## - NÚMERO DE LA CLASIFICACIÓN DECIMAL UNIVERSAL | |
| Número de la Clasificación Decimal Universal | 821.134.4-14"19" |
| 100 1# - ENTRADA PRINCIPAL--NOMBRE DE PERSONA | |
| Nombre de persona | Fernán-Vello, Miguel Anxo, |
| Fechas asociadas al nombre | 1958- |
| Término indicativo de función/relación | Autor |
| 9 (RLIN) | 49319 |
| 245 13 - MENCIÓN DEL TÍTULO | |
| Título | La raíz poseída / |
| Mención de responsabilidad, etc. | Miguel Anxo Fernán-Vello ; selección y traducción de Luciano Rodríguez ; introducción de Antón Castro |
| 250 ## - MENCION DE EDICION | |
| Mención de edición | [1ª ed.] |
| 260 ## - PUBLICACIÓN, DISTRIBUCIÓN, ETC. | |
| Lugar de publicación, distribución, etc. | Zaragoza : |
| Nombre del editor, distribuidor, etc. | Olifante, |
| Fecha de publicación, distribución, etc. | [1989] |
| 300 ## - DESCRIPCIÓN FÍSICA | |
| Extensión | 110 páginas : |
| Otras características físicas | ilustraciones ; |
| Dimensiones | 21 cm |
| 490 1# - MENCIÓN DE SERIE | |
| Mención de serie | Olifante (Serie) |
| 520 ## - RESUMEN, ETC. | |
| Sumario, etc. | La raíz poseída es una antología imprescindible de la obra de Miguel Anxo Fernán-Vello, poeta de la emoción, la melancolía… sin duda una de las voces de la lírica gallega |
| 599 ## - NOTA A LAS ILUSTRACIONES | |
| Nota | Retrato del autor |
| 655 #7 - TERMINO DE INDIZACIÓN--GENERO/FORMA | |
| Datos o término principal de género/forma | Poesías |
| Fuente del término | tgfbne |
| 9 (RLIN) | 176539 |
| 700 1# - ENTRADA AGREGADA--NOMBRE PERSONAL | |
| Nombre de persona | Rodríguez Gómez, Luciano, |
| Fechas asociadas al nombre | 1951- |
| Término indicativo de función/relación | Traductor |
| 9 (RLIN) | 98277 |
| 700 1# - ENTRADA AGREGADA--NOMBRE PERSONAL | |
| Nombre de persona | Castro, Antón, |
| Fechas asociadas al nombre | 1959- |
| Término indicativo de función/relación | Autor de introducción |
| 9 (RLIN) | 36832 |
| 830 #0 - PUNTO DE ACCESO ADICIONAL DE SERIE-TÍTULO UNIFORME | |
| Título uniforme | Olifante (Serie) |
| 9 (RLIN) | 178046 |
| 852 4# - LOCALIZACIÓN | |
| Ubicación | ES-MaACL |
| Sublocalización o colección | R.119946 |
| Ubicación en estantería | Depósito 2 |
| Número de control de estantería | L-15544 |
| 942 ## - ELEMENTOS DE ENTRADA SECUNDARIOS (KOHA) | |
| Tipo de ítem Koha | Libro impreso |
| Suprimir en OPAC | No |
| Estatus retirado | Estado de pérdida | Estado de daño | No para préstamo | Biblioteca de origen | Biblioteca actual | Ubicación en estantería | Fecha de adquisición | Fuente de adquisición | Total de préstamos | Signatura topográfica completa | Código de barras | Visto por última vez | Precio de reemplazo | Tipo de ítem Koha |
|---|---|---|---|---|---|---|---|---|---|---|---|---|---|---|
| Biblioteca del Ateneo de Madrid | Biblioteca del Ateneo de Madrid | Depósito 2 | 17/01/2008 | L-15544 | 1008268 | 23/02/2023 | 23/02/2023 | Libro impreso |
